000 00392nam a2200157Ia 4500
008 210210b1958 xxu||||| |||| 00| 0 eng d
082 _a537 RAME
100 _aRAMAMOORTHI (S).
245 _aElectricity & magnetism.
250 _a
260 _aMadras
_bNational publishing co,
_c1958
300 _axii,535
650 _aElectricity Magnetism
690 _aElectronics
906 _a031435
999 _c82489
_d82489